CUSTOMS ACT 1967 (ACT 235), REGULATIONS & ORDER : (Record no. 853)

000 -LEADER
fixed length control field nam a22 a 4500
003 - CONTROL NUMBER IDENTIFIER
control field AKMAL
005 - DATE AND TIME OF LATEST TRANSACTION
control field 20170522163521.0
008 - FIXED-LENGTH DATA ELEMENTS--GENERAL INFORMATION
fixed length control field 170505s2015 my e l 000 0 eng d
020 ## - INTERNATIONAL STANDARD BOOK NUMBER
International Standard Book Number 9789678924887
Qualifying information paperback
040 ## - CATALOGING SOURCE
Transcribing agency AKMAL
082 04 - DEWEY DECIMAL CLASSIFICATION NUMBER
Classification number 343.595056 MAL
Edition number 23
090 00 - LOCALLY ASSIGNED LC-TYPE CALL NUMBER (OCLC); LOCAL CALL NUMBER (RLIN)
Classification number (OCLC) (R) ; Classification number, CALL (RLIN) (NR) 343.595056
Local cutter number (OCLC) ; Book number/undivided call number, CALL (RLIN) MAL
110 1# - MAIN ENTRY--CORPORATE NAME
Corporate name or jurisdiction name as entry element Malaysia,
Relator term jurisdiction governed.
9 (RLIN) 400
240 10 - UNIFORM TITLE
Uniform title Akta Kastam, 1967.
Language of a work English
245 10 - TITLE STATEMENT
Title CUSTOMS ACT 1967 (ACT 235), REGULATIONS & ORDER :
Remainder of title (AS AT 5TH JANUARY 2015) /
Statement of responsibility, etc. Compiled by: Legal Research Board
264 #1 - PRODUCTION, PUBLICATION, DISTRIBUTION, MANUFACTURE, AND COPYRIGHT NOTICE
Place of production, publication, distribution, manufacture Petaling Jaya, Selangor :
Name of producer, publisher, distributor, manufacturer International Law Book Services,
Date of production, publication, distribution, manufacture, or copyright notice 2015
300 ## - PHYSICAL DESCRIPTION
Extent 254 pages ;
Dimensions 24 cm.
336 ## - CONTENT TYPE
Content type term text
Source rdacontent
337 ## - MEDIA TYPE
Media type term unmediated
Source rdamedia
338 ## - CARRIER TYPE
Carrier type term volume
Source rdacarrier
490 1# - SERIES STATEMENT
Series statement LAWS OF MALAYSIA
650 10 - SUBJECT ADDED ENTRY--TOPICAL TERM
Topical term or geographic name entry element Tariff
General subdivision Law and legislation
Geographic subdivision Malaysia
9 (RLIN) 20
650 20 - SUBJECT ADDED ENTRY--TOPICAL TERM
Topical term or geographic name entry element Customs administration
General subdivision Law and legislation
Geographic subdivision Malaysia
9 (RLIN) 1836
710 2# - ADDED ENTRY--CORPORATE NAME
Corporate name or jurisdiction name as entry element Lembaga Penyelidikan Undang-Undang,
Relator term editor.
9 (RLIN) 1837
830 #0 - SERIES ADDED ENTRY--UNIFORM TITLE
Uniform title Laws of Malaysia
9 (RLIN) 1830
942 ## - ADDED ENTRY ELEMENTS (KOHA)
Source of classification or shelving scheme
Koha item type Book
Holdings
Withdrawn status Lost status Source of classification or shelving scheme Damaged status Not for loan Collection code Home library Current library Shelving location Date acquired Inventory number Total Checkouts Total Renewals Full call number Barcode Date last seen Date last checked out Price effective from Koha item type
          NON-FICTION AKMAL Melaka AKMAL Melaka PINJAMAN 05.05.2017 306982 3 1 343.595056 MAL 201701651 22.11.2018 12.11.2018 05.05.2017 Book
          NON-FICTION AKMAL Melaka AKMAL Melaka PINJAMAN 05.05.2017 306985 4 1 343.595056 MAL 201701650 31.03.2023 30.03.2023 05.05.2017 Book
          NON-FICTION AKMAL Melaka AKMAL Melaka PINJAMAN 05.05.2017 306984 2   343.595056 MAL 201701648 27.11.2018 12.11.2018 05.05.2017 Book
          NON-FICTION AKMAL Melaka AKMAL Melaka PINJAMAN 05.05.2017 306983 2   343.595056 MAL 201704356 13.08.2018 30.07.2018 05.05.2017 Book
Pusat Sumber Maklumat Dato' Haji Sarmin Md Hussin, Akademi Kastam Diraja Malaysia, Melaka
Tel: 06-2331106 | Faks: 06-2313787